000 00572nam a2200181Ia 4500
008 151018s9999 xx 000 0 und d
082 _bRBASDV56853
_a891.463
100 _aहेमचंद्र साखळकर
245 _aदीपाची धडक
250 _b1
260 _bअक्षरदिप
_c2010
300 _a95
600 _aहेमचंद्र साखळकर
630 _aदीपाची धडक
700 _aहेमचंद्र साखळकर
730 _aदीपाची धडक
942 _cBOOK
999 _c1052292
_d1052289